000 00526nam a2200181Ia 4500
003 GCL
008 140319s9999 xx 000 0 ara d
040 _aGCL /
_cGCL
082 0 4 _a813.03
_bم خ
100 1 _aمحمد الفيل
245 1 0 _aخيول النار: رواية /
_cمحمد الفيل
260 _a[S.N] :
_bالهيئة المصرية العامة للكتاب ،
_c1993
300 _a302 ص
490 _a
650 0 4 _aالادب العربى
650 0 4 _aالقصص العربية
942 _2ddc
_cBK
999 _c36117
_d36117